| 000 | 01190nam1a22003251i 4500 | ||
|---|---|---|---|
| 001 | RU\NLR\INFOCOMM_161\5000048911 | ||
| 005 | 20240724141058.0 | ||
| 010 | _9125 экз. | ||
| 035 | _a(NLR Aleph) 009138141 | ||
| 090 |
_a8319069 _c8319069 |
||
| 100 | _a20090919d1981 |||y0rusy50 ba | ||
| 101 | 0 | _aeng | |
| 102 | _aRU | ||
| 105 | _ay ||||000|y | ||
| 200 | 1 |
_aAsymptotic estimates of diagrams with a fixed number of fermion loops in quantum electrodynamics _fE. B. Bogomolny, Yu. A. Kubyshin |
|
| 210 |
_aChernogolovka _cИХФ АН СССР _d1981 |
||
| 215 | _d21 см | ||
| 225 | 1 |
_aPreprint _fThe Acad. of sciences of the USSR, L. D. Landau inst. for theoretical physics |
|
| 300 | _a"Submitted to "Yadernaya fizika", Nov. 1980" | ||
| 320 | _aБиблиогр. в конце томов | ||
| 606 |
_aКвантовая электродинамика _2nlr_sh1 |
||
| 686 |
_aВ315.4 _2rubbk |
||
| 700 | 1 |
_9z01790 _aBogomol'nyj _bE. B. _4070 |
|
| 701 | 1 |
_9z02790 _aKubyšin _bJu. A. _4070 |
|
| 790 | 1 |
_9z01700 _aBogomolny _bE. B. _4070 |
|
| 790 | 1 |
_9z02701 _aKubyshin _bYu. A. _4070 |
|
| 801 | 1 |
_aRU _bNLR _c20090919 |
|
| 801 | 0 |
_aRU _bNLR _gPSBO |
|
| 852 |
_aNLR _jФз01 Д-4/1502 |
||
| 942 | _cBOOK | ||